[Event "17.Seefeld Open 2006"]
[Site "Seefeld/AUT (23.9.-1.10)"]
[Date "2006.09.26"]
[Round "4"]
[White "Fischer, Gerd"]
[Black "Jandke, Manfred"]
[Result "1/2-1/2"]
[WhiteElo "2026"]
[BlackElo "2156"]
[PlyCount "82"]
[EventDate "2006.09.??"]
[EventType "swiss"]
[EventRounds "9"]
[EventCountry "AUT"]

1. d4 d5 2. Nf3 Nf6 3. Bf4 c6 4. c3 Qb6 5. Qb3 Bf5 6. Nbd2 Nbd7 7. e3 h6 8. h3
g5 9. Bh2 Bg7 10. Ne5 Nxe5 11. Bxe5 O-O 12. Be2 Nd7 13. Bxg7 Kxg7 14. Bg4 e6
15. Bxf5 exf5 16. Qxb6 axb6 17. a3 Rfe8 18. O-O-O Re6 19. g3 Nf8 20. Nf3 Ng6
21. h4 f6 22. Rdg1 g4 23. Nd2 Rae8 24. Kb1 b5 25. Nb3 b6 26. Rd1 h5 27. Kc2 Ne7
28. Nc1 Kh6 29. Nd3 Nc8 30. Nb4 Nd6 31. Rhf1 Ne4 32. Nd3 Rd6 33. Nc1 c5 34. Nb3
Rc8 35. Nd2 Re6 36. Nxe4 dxe4 37. dxc5 bxc5 38. Rd5 Kg6 39. Kb3 Rec6 40. Rfd1
R8c7 41. R1d2 Rc8 1/2-1/2

[Event "17.Seefeld Open 2006"]
[Site "Seefeld/AUT (23.9.-1.10)"]
[Date "2006.09.26"]
[Round "4"]
[White "Ermel, Dirk"]
[Black "Sickinger, Wolfgang"]
[Result "1-0"]
[WhiteElo "2184"]
[BlackElo "1644"]
[PlyCount "35"]
[EventDate "2006.09.??"]
[EventType "swiss"]
[EventRounds "9"]
[EventCountry "AUT"]

1. e4 c5 2. c4 e5 3. Nc3 d6 4. d3 Nc6 5. g3 Be6 6. Be3 Qd7 7. f4 g6 8. Nd5 Bg7
9. Qd2 f5 10. Bh3 Nge7 11. Nf3 h6 12. fxe5 Nxe5 13. Nxe5 Bxe5 14. O-O-O g5 15.
Nxe7 Kxe7 16. exf5 Bxf5 17. Bxg5+ hxg5 18. Qxg5+ 1-0

[Event "17.Seefeld Open 2006"]
[Site "Seefeld/AUT (23.9.-1.10)"]
[Date "2006.09.26"]
[Round "4"]
[White "Kroencke, Manfred"]
[Black "Kreie, Guenter"]
[Result "1-0"]
[WhiteElo "2183"]
[BlackElo "1987"]
[PlyCount "59"]
[EventDate "2006.09.??"]
[EventType "swiss"]
[EventRounds "9"]
[EventCountry "AUT"]

1. e4 e5 2. Nf3 Nc6 3. Nc3 Nf6 4. Bb5 Nd4 5. Ba4 c6 6. d3 d6 7. h3 Be7 8. Be3
Ne6 9. O-O O-O 10. Bb3 Nd7 11. a4 Kh8 12. Qd2 Nec5 13. Bc4 a5 14. d4 Nxe4 15.
Nxe4 d5 16. Nxe5 Nxe5 17. dxe5 dxc4 18. Qe2 Qd5 19. Nd2 Qxe5 20. Nxc4 Qc7 21.
Bb6 Qd7 22. Rfe1 Bf6 23. Bc5 Rg8 24. Nb6 Qf5 25. Qe3 Ra6 26. g4 Qg6 27. Nxc8 h5
28. Ne7 Bxe7 29. Qxe7 hxg4 30. Qh4+ 1-0

[Event "17.Seefeld Open 2006"]
[Site "Seefeld/AUT (23.9.-1.10)"]
[Date "2006.09.26"]
[Round "4"]
[White "Meul, Willi"]
[Black "Meschke, Andreas"]
[Result "0-1"]
[WhiteElo "1998"]
[BlackElo "2183"]
[PlyCount "30"]
[EventDate "2006.09.??"]
[EventType "swiss"]
[EventRounds "9"]
[EventCountry "AUT"]

1. d4 d5 2. Nf3 Nf6 3. e3 Bf5 4. c4 c6 5. Qb3 Qb6 6. Nc3 e6 7. c5 Qc7 8. Be2
Be7 9. Qd1 O-O 10. b4 a5 11. b5 b6 12. cxb6 Qxb6 13. Na4 Qb7 14. bxc6 Qxc6 15.
O-O Bc2 0-1

[Event "17.Seefeld Open 2006"]
[Site "Seefeld/AUT (23.9.-1.10)"]
[Date "2006.09.26"]
[Round "4"]
[White "Voss, Ingo"]
[Black "Russ, Colin"]
[Result "1-0"]
[WhiteElo "2149"]
[BlackElo "1963"]
[PlyCount "65"]
[EventDate "2006.09.??"]
[EventType "swiss"]
[EventRounds "9"]
[EventCountry "AUT"]

1. e4 c6 2. Nc3 d5 3. Nf3 dxe4 4. Nxe4 Bf5 5. Ng3 Bg6 6. h4 h6 7. Ne5 Qd6 8. d4
Nd7 9. Nxg6 Qxg6 10. Be3 O-O-O 11. Bd3 Qd6 12. O-O e6 13. c4 Ngf6 14. Qa4 a6
15. Rfd1 Qb4 16. Qc2 c5 17. a3 Qb6 18. b4 cxd4 19. c5 Qc7 20. Bxd4 Ne5 21. Bxe5
Qxe5 22. Rac1 Be7 23. Qa4 Qc7 24. c6 b6 25. Bxa6+ Kb8 26. Bb7 Qf4 27. c7+ Kxb7
28. cxd8=N+ Rxd8 29. Qc6+ Ka7 30. Rxd8 Bxd8 31. Rc4 Qe5 32. b5 Qd5 33. Ra4+ 1-0

[Event "17.Seefeld Open 2006"]
[Site "Seefeld/AUT (23.9.-1.10)"]
[Date "2006.09.26"]
[Round "4"]
[White "Werner, Bernd"]
[Black "Gruber, Michael"]
[Result "1/2-1/2"]
[WhiteElo "1980"]
[BlackElo "2138"]
[PlyCount "52"]
[EventDate "2006.09.??"]
[EventType "swiss"]
[EventRounds "9"]
[EventCountry "AUT"]

1. e4 c5 2. Nf3 d6 3. d4 cxd4 4. c3 dxc3 5. Nxc3 Nc6 6. Bc4 e6 7. Qe2 a6 8. O-O
Be7 9. Rd1 Bd7 10. Be3 Nf6 11. Rac1 b5 12. Bb3 O-O 13. a3 Rc8 14. h3 h6 15. Qd2
Qa5 16. Bc2 b4 17. axb4 Qxb4 18. Bxh6 gxh6 19. Qxh6 Ne5 20. Nxe5 dxe5 21. Rd3
Nh7 22. Rg3+ Bg5 23. Rxg5+ Nxg5 24. Qxg5+ Kh7 25. Qh5+ Kg8 26. Qg5+ Kh7 1/2-1/2

[Event "17.Seefeld Open 2006"]
[Site "Seefeld/AUT (23.9.-1.10)"]
[Date "2006.09.26"]
[Round "4"]
[White "Niedergesaess, Herbert"]
[Black "Mertens, Klaus"]
[Result "1/2-1/2"]
[WhiteElo "1950"]
[BlackElo "2100"]
[PlyCount "125"]
[EventDate "2006.09.??"]
[EventType "swiss"]
[EventRounds "9"]
[EventCountry "AUT"]

1. c4 e5 2. Nc3 Nf6 3. g3 Nc6 4. Bg2 Bc5 5. e3 O-O 6. Nge2 d6 7. O-O a5 8. b3
Bf5 9. d4 Ba7 10. a3 Qc8 11. Bb2 Bh3 12. d5 Ne7 13. b4 Qg4 14. Qd3 Bxg2 15.
Kxg2 e4 16. Qd1 Qf3+ 17. Kg1 Nf5 18. Nf4 Qxd1 19. Rfxd1 c6 20. Ng2 Rfe8 21. h3
h5 22. dxc6 bxc6 23. b5 Rab8 24. a4 Bc5 25. Rab1 Rb6 26. Ne2 Nd7 27. Nd4 Nxd4
28. Bxd4 Ne5 29. Bxe5 Rxe5 30. Ne1 Kf8 31. bxc6 Rxc6 32. Rb5 Bb4 33. Rb8+ Ke7
34. Rb7+ Kf6 35. Nc2 Rxc4 36. Nxb4 Rxb4 37. Rxb4 axb4 38. Rb1 Ra5 39. Rxb4 d5
40. Kf1 Ke5 41. Ke2 g5 42. Kd2 Rc5 43. Rb7 Ra5 44. Rxf7 Rxa4 45. g4 hxg4 46.
hxg4 Ra2+ 47. Ke1 Ra1+ 48. Ke2 Rg1 49. Rf5+ Ke6 50. Rxg5 Kf6 51. Rf5+ Ke6 52.
Rf4 Ke5 53. Rf5+ Ke6 54. Rg5 Kf6 55. Rf5+ Ke6 56. Rf4 Ke5 57. Kd2 Ke6 58. Ke2
Ke5 59. Rf5+ Ke6 60. Rf4 Ke5 61. Kd2 Ke6 62. Ke2 Ke5 63. Rf5+ 1/2-1/2

[Event "17.Seefeld Open 2006"]
[Site "Seefeld/AUT (23.9.-1.10)"]
[Date "2006.09.26"]
[Round "4"]
[White "Maurer, Rainer"]
[Black "Schumacher, Helmut"]
[Result "1/2-1/2"]
[WhiteElo "1916"]
[BlackElo "2076"]
[PlyCount "54"]
[EventDate "2006.09.??"]
[EventType "swiss"]
[EventRounds "9"]
[EventCountry "AUT"]

1. d4 d5 2. Nf3 c6 3. c3 Bf5 4. Bf4 e6 5. e3 Bd6 6. Ne5 f6 7. Nd3 Ne7 8. Nd2
Qc7 9. Bxd6 Qxd6 10. Qb3 b6 11. Be2 Nd7 12. c4 O-O 13. O-O Kh8 14. Rac1 Bxd3
15. Bxd3 e5 16. cxd5 cxd5 17. Ba6 Rad8 18. Rc2 Nb8 19. Be2 Nbc6 20. Nf3 e4 21.
Nd2 f5 22. Rfc1 f4 23. Qa4 fxe3 24. fxe3 Qh6 25. Qa3 Rf6 26. Bb5 Qh4 27. Rf1
Rxf1+ 1/2-1/2

[Event "17.Seefeld Open 2006"]
[Site "Seefeld/AUT (23.9.-1.10)"]
[Date "2006.09.26"]
[Round "4"]
[White "Platzgummer, Fabian"]
[Black "Becker, Joerg"]
[Result "1-0"]
[WhiteElo "2044"]
[BlackElo "1945"]
[PlyCount "59"]
[EventDate "2006.09.??"]
[EventType "swiss"]
[EventRounds "9"]
[EventCountry "AUT"]

1. Nf3 Nf6 2. c4 e6 3. g3 b6 4. Bg2 Bb7 5. O-O Be7 6. b3 O-O 7. Bb2 d5 8. d3 c5
9. Nbd2 Nbd7 10. Qc2 d4 11. e4 e5 12. h3 Ne8 13. Nh2 Bg5 14. f4 Be7 15. Rae1
exf4 16. gxf4 f6 17. Qd1 Qc7 18. Qg4 Bd6 19. e5 fxe5 20. Bxb7 Qxb7 21. Ne4 Qc7
22. Qe6+ Kh8 23. Ng5 Rf6 24. Qd5 Rc8 25. Ng4 Rf8 26. fxe5 Nxe5 27. Rxf8+ Bxf8
28. Nxe5 Nf6 29. Nef7+ Kg8 30. Nh6+ 1-0

[Event "17.Seefeld Open 2006"]
[Site "Seefeld/AUT (23.9.-1.10)"]
[Date "2006.09.26"]
[Round "4"]
[White "Willin, Bernhard"]
[Black "Noettger, Eckard"]
[Result "1/2-1/2"]
[WhiteElo "2009"]
[BlackElo "1783"]
[PlyCount "49"]
[EventDate "2006.09.??"]
[EventType "swiss"]
[EventRounds "9"]
[EventCountry "AUT"]

1. d4 d5 2. Nf3 Nf6 3. e3 e6 4. Bd3 c5 5. c3 Nbd7 6. Nbd2 Bd6 7. O-O O-O 8. Ne5
Qc7 9. f4 b6 10. Rf3 Bb7 11. Rh3 Ne4 12. Nxd7 Qxd7 13. Qh5 h6 14. Nf3 Qe7 15.
Bxe4 dxe4 16. Ne5 Bxe5 17. fxe5 f5 18. Bd2 Bc6 19. Rf1 Qe8 20. Qh4 Qd8 21. Qg3
Qg5 22. Qe1 Rad8 23. Qe2 Qg4 24. Qe1 Bb5 25. Rf2 1/2-1/2

[Event "17.Seefeld Open 2006"]
[Site "Seefeld/AUT (23.9.-1.10)"]
[Date "2006.09.26"]
[Round "4"]
[White "Babinetz, Rainer"]
[Black "Schett, Franz"]
[Result "1-0"]
[WhiteElo "1946"]
[BlackElo "2004"]
[PlyCount "81"]
[EventDate "2006.09.??"]
[EventType "swiss"]
[EventRounds "9"]
[EventCountry "AUT"]

1. d4 d5 2. c4 c6 3. Nc3 Nf6 4. Bg5 Nbd7 5. e3 g6 6. Nf3 Bg7 7. Rc1 O-O 8. Bd3
e6 9. O-O a6 10. Qc2 Qe8 11. Bf4 Kh8 12. Bd6 Rg8 13. Ng5 Bf8 14. Bxf8 Qxf8 15.
f4 dxc4 16. Bxc4 Nb6 17. Bb3 Nbd5 18. Rf3 Nxc3 19. bxc3 Bd7 20. e4 c5 21. e5
Nd5 22. Qf2 cxd4 23. cxd4 Rg7 24. Bxd5 exd5 25. Rc5 Rc8 26. Rfc3 Rxc5 27. Rxc5
Bc6 28. e6 f6 29. Nf7+ Kg8 30. Qb2 Qe8 31. Qb4 h5 32. f5 gxf5 33. Qe1 Bd7 34.
Nh6+ Kh7 35. Nxf5 Rg5 36. Rc7 Rxf5 37. Rxd7+ Kh6 38. e7 Rf4 39. Rd8 Qa4 40.
e8=Q Qxd4+ 41. Q8e3 1-0

[Event "17.Seefeld Open 2006"]
[Site "Seefeld/AUT (23.9.-1.10)"]
[Date "2006.09.26"]
[Round "4"]
[White "Koller, Hubert"]
[Black "Scholz, Herbert"]
[Result "0-1"]
[WhiteElo "2115"]
[BlackElo "1991"]
[PlyCount "88"]
[EventDate "2006.09.??"]
[EventType "swiss"]
[EventRounds "9"]
[EventCountry "AUT"]

1. Nf3 Nf6 2. c4 b6 3. d4 e6 4. Nc3 Bb7 5. Bg5 h6 6. Bh4 Be7 7. e3 Ne4 8. Bxe7
Qxe7 9. Bd3 Nxc3 10. bxc3 O-O 11. O-O Nc6 12. e4 Na5 13. Qe2 Rfe8 14. Rac1 c5
15. Nd2 Rac8 16. e5 d5 17. cxd5 exd5 18. f4 cxd4 19. cxd4 Qa3 20. Rxc8 Rxc8 21.
e6 Qe7 22. Bf5 Re8 23. Re1 fxe6 24. Qh5 Bc6 25. Bxe6+ Kh8 26. Nf3 Qf6 27. f5
Re7 28. Rc1 Nc4 29. h3 Be8 30. Qg4 Bf7 31. Bxf7 Rxf7 32. Nh4 Kh7 33. Qg6+ Kg8
34. Qg4 b5 35. Re1 Re7 36. Rxe7 Qxe7 37. Nf3 b4 38. Qg3 a5 39. Qb8+ Kh7 40. Qb5
Qe3+ 41. Kh1 Qe4 42. Qd7 Ne3 43. Qa4 Qb1+ 44. Kh2 Qf1 0-1

[Event "17.Seefeld Open 2006"]
[Site "Seefeld/AUT (23.9.-1.10)"]
[Date "2006.09.26"]
[Round "4"]
[White "Becking, Franz-Josef"]
[Black "Di Lazzaro, Gabriele"]
[Result "1/2-1/2"]
[WhiteElo "2076"]
[BlackElo "1986"]
[PlyCount "150"]
[EventDate "2006.09.??"]
[EventType "swiss"]
[EventRounds "9"]
[EventCountry "AUT"]

1. d4 d5 2. Nf3 Nf6 3. Bf4 c5 4. e3 Nc6 5. c3 Qb6 6. Qb3 c4 7. Qxb6 axb6 8.
Nbd2 Bf5 9. Nh4 Bd7 10. e4 b5 11. e5 Nh5 12. Be3 g6 13. Be2 Ng7 14. O-O Nf5 15.
Nxf5 Bxf5 16. a3 Bg7 17. g4 Be6 18. f4 f5 19. exf6 exf6 20. f5 Bf7 21. Rae1 g5
22. Bf3 O-O 23. Re2 Rfe8 24. Rfe1 Re7 25. Bf2 Rae8 26. Bg3 Rxe2 27. Rxe2 Rxe2
28. Bxe2 Kf8 29. Nf1 Ke7 30. Ne3 Kd7 31. Bf3 Ne7 32. Bb8 Nc6 33. Bg3 Ne7 34.
Kf2 Bf8 35. Ke2 Kc6 36. Kd2 Nc8 37. Nc2 Nb6 38. Ne3 Bd6 39. Nf1 Bxg3 40. Nxg3
Kd6 41. Bd1 Kc6 42. Ne2 Kd6 43. Ng1 Kc6 44. Nf3 Kd6 45. Kc2 Be8 46. Kb1 Bd7 47.
Ne1 Be8 48. Nc2 Bd7 49. Nb4 Be8 50. Ka2 Bd7 51. b3 Be8 52. Kb2 Bd7 53. Nc2 Be8
54. Ne3 Bd7 55. Be2 Be8 56. a4 Bc6 57. Ka3 bxa4 58. bxc4 Nxc4+ 59. Nxc4+ dxc4
60. Bxc4 b5 61. Be2 Kd5 62. Bf1 Kd6 63. Kb4 Kc7 64. Be2 Kb6 65. c4 bxc4 66.
Bxc4 Bf3 67. h3 Bg2 68. Kxa4 Bxh3 69. Be2 Bg2 70. Kb4 Kc6 71. Kc4 Kd6 72. Kd3
Bb7 73. Ke3 Bc6 74. Bd3 Ba4 75. Be2 Bc6 1/2-1/2

[Event "17.Seefeld Open 2006"]
[Site "Seefeld/AUT (23.9.-1.10)"]
[Date "2006.09.26"]
[Round "4"]
[White "Schueler, Wolfgang"]
[Black "Walz, Robert"]
[Result "1-0"]
[WhiteElo "2073"]
[BlackElo "1984"]
[PlyCount "81"]
[EventDate "2006.09.??"]
[EventType "swiss"]
[EventRounds "9"]
[EventCountry "AUT"]

1. e4 e5 2. Nf3 Nc6 3. Bb5 a6 4. Ba4 Nf6 5. O-O Nxe4 6. d4 b5 7. Bb3 d5 8. dxe5
Be6 9. c3 Bc5 10. Nbd2 O-O 11. Qe2 Bf5 12. a4 b4 13. c4 Nxd2 14. Nxd2 Nd4 15.
Qe3 Bg4 16. Kh1 Be2 17. Re1 Nc2 18. Qxc5 Nxe1 19. Qe3 dxc4 20. Qxe2 cxb3 21.
Qxe1 Re8 22. f4 Qd3 23. Nf3 Qc2 24. Nd4 Qc4 25. Be3 c5 26. Rc1 Qd5 27. Nf5 Qd7
28. Nd6 Re6 29. Bxc5 Qxa4 30. Qxb4 Qa2 31. Bd4 Rf8 32. h3 a5 33. Qb5 a4 34. Qb4
Ra8 35. Qb7 Rf8 36. Nc4 Rg6 37. Kh2 h5 38. f5 Rg5 39. Qd7 h4 40. e6 fxe6 41.
fxe6 1-0

[Event "17.Seefeld Open 2006"]
[Site "Seefeld/AUT (23.9.-1.10)"]
[Date "2006.09.26"]
[Round "4"]
[White "Antoniacci, Riccardo"]
[Black "Pieper, Harald"]
[Result "1/2-1/2"]
[WhiteElo "1980"]
[BlackElo "2067"]
[PlyCount "122"]
[EventDate "2006.09.??"]
[EventType "swiss"]
[EventRounds "9"]
[EventCountry "AUT"]

1. e4 Nf6 2. d3 c5 3. c4 Nc6 4. Nf3 d6 5. h3 g6 6. g3 Bg7 7. Bg2 O-O 8. O-O a6
9. Nc3 h6 10. Be3 e5 11. Qd2 Kh7 12. g4 Nd4 13. Nh2 Ne6 14. Ne2 Ng8 15. f4 exf4
16. Nxf4 Ne7 17. Rf2 Qb6 18. Raf1 Nxf4 19. Rxf4 Be6 20. R4f2 Nc6 21. Nf3 Qa5
22. Qxa5 Nxa5 23. e5 dxe5 24. Bxc5 Rfe8 25. Re2 Nc6 26. Bd6 Rad8 27. c5 Bxa2
28. Rfe1 f6 29. d4 Bd5 30. dxe5 fxe5 31. Ng5+ hxg5 32. Bxd5 Bf8 33. Bxc6 bxc6
34. Bxf8 Rxf8 35. Rxe5 Rd5 36. Rxd5 cxd5 37. Re7+ Kh6 38. Rd7 Rb8 39. Kf2 Rxb2+
40. Ke3 Rb4 41. Rxd5 a5 42. Kd3 a4 43. c6 Rb6 44. Rc5 Rb8 45. Ra5 Rc8 46. Ra6
a3 47. Kc3 Rb8 48. c7 Rc8 49. Ra7 a2 50. Kd4 Rxc7 51. Rxa2 Ra7 52. Rh2 Re7 53.
Kd5 Re3 54. Kd4 Re7 55. Rg2 Ra7 56. Rg3 Re7 57. Kd5 Ra7 58. Kc6 Re7 59. Kd6 Ra7
60. Re3 Ra6+ 61. Ke7 Kg7 1/2-1/2

[Event "17.Seefeld Open 2006"]
[Site "Seefeld/AUT (23.9.-1.10)"]
[Date "2006.09.26"]
[Round "4"]
[White "Hofer, Franz"]
[Black "Buchaeckert, Juergen"]
[Result "0-1"]
[WhiteElo "2061"]
[BlackElo "1943"]
[PlyCount "64"]
[EventDate "2006.09.??"]
[EventType "swiss"]
[EventRounds "9"]
[EventCountry "AUT"]

1. c4 Nf6 2. g3 g6 3. Bg2 d5 4. cxd5 Nxd5 5. Nc3 Nb6 6. d3 Bg7 7. Be3 Nc6 8.
Bxc6+ bxc6 9. Qd2 O-O 10. Bh6 Nd5 11. h4 Nf6 12. Nf3 Qd6 13. Rc1 Rb8 14. b3 Bb7
15. Bf4 Qd8 16. Na4 h5 17. Nc5 Bc8 18. Ne5 Rb6 19. Na4 Ra6 20. Nxc6 Rxc6 21.
O-O Rxc1 22. Qxc1 Nd5 23. Bg5 Bh3 24. Re1 Nf6 25. Kh2 Be6 26. Qc5 Ng4+ 27. Kg1
Bd4 28. Qxe7 Bxf2+ 29. Kf1 Qd5 30. e4 Qxd3+ 31. Re2 Qxg3 32. Rd2 Nh2+ 0-1

[Event "17.Seefeld Open 2006"]
[Site "Seefeld/AUT (23.9.-1.10)"]
[Date "2006.09.26"]
[Round "4"]
[White "Ranker, Klemens"]
[Black "Kircher, Werner"]
[Result "1/2-1/2"]
[WhiteElo "1936"]
[BlackElo "2030"]
[PlyCount "43"]
[EventDate "2006.09.??"]
[EventType "swiss"]
[EventRounds "9"]
[EventCountry "AUT"]

1. e4 e6 2. d4 d5 3. exd5 exd5 4. Bd3 Nc6 5. c3 Bd6 6. Be3 Nge7 7. Qf3 Be6 8.
Ne2 Qd7 9. h3 Bf5 10. Bxf5 Qxf5 11. Qxf5 Nxf5 12. Bf4 O-O-O 13. Bxd6 Rxd6 14.
Na3 Re8 15. Kd2 a6 16. Rae1 Kd7 17. Nf4 Rxe1 18. Rxe1 Nh4 19. Rg1 b6 20. Nc2 a5
21. Ne3 Ne7 22. Kd3 1/2-1/2

[Event "17.Seefeld Open 2006"]
[Site "Seefeld/AUT (23.9.-1.10)"]
[Date "2006.09.26"]
[Round "4"]
[White "Johanssen, Torsten"]
[Black "Strasser, Josef"]
[Result "1/2-1/2"]
[WhiteElo "2001"]
[BlackElo "1917"]
[PlyCount "71"]
[EventDate "2006.09.??"]
[EventType "swiss"]
[EventRounds "9"]
[EventCountry "AUT"]

1. c4 c6 2. Nc3 Nf6 3. e4 d5 4. cxd5 cxd5 5. e5 d4 6. exf6 dxc3 7. fxg7 cxd2+
8. Qxd2 Qxd2+ 9. Bxd2 Bxg7 10. Bb5+ Nd7 11. O-O-O a6 12. Bd3 Nc5 13. Bc2 Be6
14. Be3 Rc8 15. Kb1 b5 16. Ne2 O-O 17. Nf4 Na4 18. Nxe6 fxe6 19. Bxa4 bxa4 20.
f3 a3 21. b3 Rc3 22. Bd4 Bxd4 23. Rxd4 Rfc8 24. Ra4 Rc2 25. Rxa3 Rxg2 26. Rc1
Rxc1+ 27. Kxc1 Rxh2 28. Rxa6 h5 29. Kd1 Rb2 30. Rxe6 Rxa2 31. Rxe7 Rb2 32. Re3
h4 33. f4 Rf2 34. Rh3 Rxf4 35. Ke2 Kf7 36. Rf3 1/2-1/2

[Event "17.Seefeld Open 2006"]
[Site "Seefeld/AUT (23.9.-1.10)"]
[Date "2006.09.26"]
[Round "4"]
[White "Aufmwasser, Guenter"]
[Black "Wiesbeck, Florian"]
[Result "1/2-1/2"]
[WhiteElo "1909"]
[BlackElo "1999"]
[PlyCount "110"]
[EventDate "2006.09.??"]
[EventType "swiss"]
[EventRounds "9"]
[EventCountry "AUT"]

1. e4 c5 2. Nc3 Nc6 3. g3 g6 4. Bg2 Bg7 5. Nge2 e6 6. O-O Nge7 7. a3 O-O 8. Rb1
d6 9. d3 Rb8 10. Bd2 a6 11. b4 Nd4 12. Nxd4 cxd4 13. Ne2 b5 14. c3 Nc6 15. cxd4
Nxd4 16. Nxd4 Bxd4 17. Be3 Qb6 18. Qd2 Bb7 19. Bxd4 Qxd4 20. Rfc1 Rfc8 21. Qe3
Qxe3 22. fxe3 h5 23. d4 Rxc1+ 24. Rxc1 Rc8 25. Rxc8+ Bxc8 26. h4 Kg7 27. Kf2
Kf6 28. Bf3 e5 29. Kg2 Be6 30. Kf2 Bh3 31. Bd1 Bg4 32. Bb3 Be6 33. d5 Bd7 34.
Bc2 Kg7 35. Bd3 Bc8 36. Bc2 Kf8 37. a4 bxa4 38. Bxa4 Ke7 39. Ke2 Bd7 40. Bc2
Bb5+ 41. Kf3 f6 42. g4 hxg4+ 43. Kxg4 Kf7 44. Kg3 Kg7 45. Kg4 Kh6 46. Kg3 g5
47. hxg5+ fxg5 48. Bd1 Bd7 49. Be2 Bc8 50. Bd1 Kg6 51. Be2 Kf6 52. Bf1 Ke7 53.
Be2 Kf7 54. Bf1 Kf6 55. Be2 Kg7 1/2-1/2

[Event "17.Seefeld Open 2006"]
[Site "Seefeld/AUT (23.9.-1.10)"]
[Date "2006.09.26"]
[Round "4"]
[White "Abraham, Helmut"]
[Black "Waibl, Herbert"]
[Result "1/2-1/2"]
[WhiteElo "1461"]
[BlackElo "2026"]
[PlyCount "28"]
[EventDate "2006.09.??"]
[EventType "swiss"]
[EventRounds "9"]
[EventCountry "AUT"]

1. Nf3 g6 2. c4 Bg7 3. d4 d6 4. Nc3 c6 5. e3 f5 6. Bd3 Nf6 7. O-O O-O 8. b3 Na6
9. Bb2 Qe8 10. Rc1 Nc7 11. Re1 d5 12. Ne5 Ne4 13. f4 Bf6 14. Nxe4 dxe4 1/2-1/2

[Event "17.Seefeld Open 2006"]
[Site "Seefeld/AUT (23.9.-1.10)"]
[Date "2006.09.26"]
[Round "4"]
[White "Laux, Dieter"]
[Black "Schulze, Joachim"]
[Result "0-1"]
[WhiteElo "1228"]
[BlackElo "2010"]
[PlyCount "108"]
[EventDate "2006.09.??"]
[EventType "swiss"]
[EventRounds "9"]
[EventCountry "AUT"]

1. Nf3 Nf6 2. c4 g6 3. d4 Bg7 4. Nc3 O-O 5. e4 d6 6. Be2 c6 7. Bg5 h6 8. Bh4
Nbd7 9. b4 e5 10. Bxf6 Nxf6 11. dxe5 dxe5 12. Qxd8 Rxd8 13. Rd1 Rxd1+ 14. Bxd1
Be6 15. Bb3 a5 16. bxa5 Rxa5 17. Nd2 Bf8 18. Ke2 Bb4 19. Kd3 Nd7 20. f3 Nc5+
21. Kc2 Ra8 22. Rd1 Kf8 23. Nf1 f5 24. Nd2 Ke7 25. Ne2 Rd8 26. Nc3 Ba5 27. Re1
Nd3 28. Rd1 Nb4+ 29. Kb2 Nd3+ 30. Kc2 Nb4+ 31. Kb2 Bb6 32. exf5 Bxf5 33. Nce4
Bd4+ 34. Kb1 g5 35. g4 Bg6 36. h3 Nd3 37. Rf1 Nf4 38. Rh1 Be3 39. Kc1 Bxe4 40.
fxe4 Rxd2 41. Kb1 Bd4 42. Bc2 Rg2 43. h4 Rg1+ 44. Rxg1 Bxg1 45. h5 Kd6 46. Kb2
Kc5 47. Kb3 Ng2 48. Bd3 Ne3 49. Be2 Kd4 50. Kb4 Kxe4 51. a4 Nc2+ 52. Kc3 Nd4
53. Bd1 Kf4 54. Kd2 Nf3+ 0-1

[Event "17.Seefeld Open 2006"]
[Site "Seefeld/AUT (23.9.-1.10)"]
[Date "2006.09.26"]
[Round "4"]
[White "Plock, Christian"]
[Black "Samarian, Cornel"]
[Result "1/2-1/2"]
[WhiteElo "1990"]
[BlackElo "1937"]
[PlyCount "69"]
[EventDate "2006.09.??"]
[EventType "swiss"]
[EventRounds "9"]
[EventCountry "AUT"]

1. e4 e5 2. Nf3 d6 3. Bc4 Be7 4. O-O Nf6 5. d3 Bg4 6. Be3 O-O 7. Nbd2 Nbd7 8.
h3 Bxf3 9. Nxf3 h6 10. c3 Nh7 11. Qc2 c6 12. d4 b5 13. Bd3 a6 14. Rad1 Qc7 15.
Qd2 Rad8 16. Qe2 c5 17. Rc1 Qb6 18. a3 Qb7 19. dxe5 Nxe5 20. Nxe5 dxe5 21. Rfd1
c4 22. Bc2 Nf6 23. Qf3 Qc7 24. Kf1 Rxd1+ 25. Rxd1 Rd8 26. Qe2 Rxd1+ 27. Qxd1
Kf8 28. Ke2 Qd6 29. Qxd6 Bxd6 30. g3 Ke7 31. f4 Nh5 32. Kf3 Nf6 33. f5 Nd7 34.
g4 f6 35. h4 1/2-1/2

[Event "17.Seefeld Open 2006"]
[Site "Seefeld/AUT (23.9.-1.10)"]
[Date "2006.09.26"]
[Round "4"]
[White "Duric, Rajko"]
[Black "Gestrich, Wolfgang"]
[Result "1-0"]
[WhiteElo "1848"]
[BlackElo "1756"]
[PlyCount "192"]
[EventDate "2006.09.??"]
[EventType "swiss"]
[EventRounds "9"]
[EventCountry "AUT"]

1. e4 e5 2. Nf3 Nf6 3. d3 d6 4. Be2 Be7 5. O-O O-O 6. Nc3 c6 7. d4 exd4 8. Nxd4
a6 9. Be3 Re8 10. Bd3 Ng4 11. Bf4 Qb6 12. Nb3 Nf6 13. e5 dxe5 14. Bxe5 Rd8 15.
Qf3 Nbd7 16. Bf4 Nf8 17. h3 Be6 18. Be3 Qc7 19. Bc5 Bxc5 20. Nxc5 Re8 21. N3e4
Nxe4 22. Nxe4 Bd5 23. Qg3 Qxg3 24. Nxg3 g6 25. Rfe1 Re6 26. c4 Rxe1+ 27. Rxe1
Be6 28. Ne4 Rd8 29. Re3 Rd4 30. b3 Kg7 31. Nc5 b5 32. Nxa6 bxc4 33. bxc4 Bxc4
34. Bxc4 Rxc4 35. a3 Ne6 36. g3 c5 37. Nb8 Nd4 38. Nd7 Rc1+ 39. Kg2 Ne6 40. a4
Rc4 41. Ra3 Nc7 42. a5 Na6 43. Nb6 Rd4 44. Rc3 Rd6 45. Kf3 f5 46. g4 fxg4+ 47.
hxg4 Rd1 48. Rc4 Ra1 49. Na4 Nb8 50. g5 Nc6 51. Kf4 Nxa5 52. Re4 Kf7 53. Nxc5
Nc6 54. Re3 Ne7 55. Rh3 Kg8 56. Ke5 Ra5 57. Kd6 Nf5+ 58. Kc6 Ne7+ 59. Kb6 Ra2
60. Ne4 Rb2+ 61. Kc7 Nd5+ 62. Kc6 Ne7+ 63. Kd7 Rb7+ 64. Ke8 Nf5 65. Nf6+ Kh8
66. Rd3 Ng7+ 67. Kd8 Ne6+ 68. Kc8 Re7 69. Rd6 Rc7+ 70. Kb8 Re7 71. Rd5 Rf7 72.
Ne4 Rf8+ 73. Ka7 Rf7+ 74. Kb6 Rc7 75. Re5 Re7 76. f3 Kg7 77. Nd6 Kf8 78. Nc8
Re8 79. Nd6 Re7 80. Ne4 Nd8 81. Rd5 Ne6 82. Nf6 Kf7 83. Ng4 Kg7 84. Re5 Kf7 85.
Ra5 Nd8 86. Rd5 Rb7+ 87. Ka6 Rb8 88. Rd7+ Kf8 89. Rxh7 Ra8+ 90. Kb6 Rb8+ 91.
Ka7 Rc8 92. Nf6 Nf7 93. f4 Rc7+ 94. Kb6 Re7 95. Rh1 Re6+ 96. Kc5 Re7 1-0

[Event "17.Seefeld Open 2006"]
[Site "Seefeld/AUT (23.9.-1.10)"]
[Date "2006.09.26"]
[Round "4"]
[White "Stojanovic, Milorad"]
[Black "Brett, Digby"]
[Result "1-0"]
[WhiteElo "1690"]
[BlackElo "1855"]
[PlyCount "61"]
[EventDate "2006.09.??"]
[EventType "swiss"]
[EventRounds "9"]
[EventCountry "AUT"]

1. e4 c5 2. Nf3 d6 3. d4 cxd4 4. Qxd4 Nc6 5. Bb5 Bd7 6. Bxc6 Bxc6 7. Nc3 Nf6 8.
Bg5 e6 9. O-O Be7 10. e5 Bxf3 11. gxf3 dxe5 12. Qxe5 O-O 13. Rad1 Nd7 14. Qb5
Bxg5 15. Rxd7 Qf6 16. Ne4 Qg6 17. Qxg5 Qxg5+ 18. Nxg5 h6 19. Ne4 b6 20. Rfd1
Kh7 21. Rb7 Rac8 22. c3 Rfd8 23. Rdd7 Rxd7 24. Rxd7 Kg6 25. Rxa7 Rd8 26. Rb7 f5
27. Rxb6 fxe4 28. Rxe6+ Kf5 29. Rxe4 Rd1+ 30. Kg2 Rd2 31. Rb4 1-0

[Event "17.Seefeld Open 2006"]
[Site "Seefeld/AUT (23.9.-1.10)"]
[Date "2006.09.26"]
[Round "4"]
[White "Disselberger, Alfons"]
[Black "Andreini, Gigliolu"]
[Result "0-1"]
[WhiteElo "1289"]
[BlackElo "1660"]
[PlyCount "85"]
[EventDate "2006.09.??"]
[EventType "swiss"]
[EventRounds "9"]
[EventCountry "AUT"]

1. e4 e6 2. d4 d5 3. exd5 exd5 4. Nf3 Nf6 5. Bg5 Bf5 6. Bd3 Bxd3 7. Qxd3 c6 8.
O-O Be7 9. Bxf6 Bxf6 10. Re1+ Be7 11. c4 dxc4 12. Qxc4 O-O 13. Nc3 Nd7 14. Rad1
Rc8 15. Ne5 Bf6 16. Nxd7 Qxd7 17. Ne4 Be7 18. Nc5 Qc7 19. Re4 Bd6 20. g3 Rcd8
21. Rde1 Bxc5 22. dxc5 Rd7 23. b4 h6 24. Qc2 Qd8 25. R4e2 g6 26. Qc1 Kg7 27.
Qb2+ Qf6 28. Qxf6+ Kxf6 29. Re8 Rxe8 30. Rxe8 Rd4 31. a3 Rd3 32. Rb8 Rxa3 33.
Rxb7 Ke6 34. Kg2 a5 35. Ra7 axb4 36. Rc7 Kd5 37. Rxf7 b3 38. Rb7 Kxc5 39. Rb8
Kc4 40. Rb6 c5 41. Rb7 Kc3 42. Rc7 c4 43. Rb7 0-1